000
00299nam a2200133Ia 4500
999
_c
14097
_d
14097
003
OSt
005
20260423103708.0
008
260210s9999 xx 000 0 und d
020
_a
9789881545152
100
_a
Whittaker
245
0
_a
Hotels : Between The Lines
260
_b
DMPL
942
_c
BDES
_2
ddc